[Event "45th FIDE Chess Olympiad Open"]
[Site "Budapest, Hungary"]
[Date "2024.09.11"]
[Round "1.73"]
[White "Michaelides, Konstantinos"]
[Black "Navara, David"]
[Result "0-1"]
[WhiteElo "2297"]
[BlackElo "2681"]
[PlyCount "120"]
[EventDate "2024.??.??"]
[WhiteTeam "Cyprus"]
[BlackTeam "Czech Republic"]
[WhiteTeamCountry "CYP"]
[BlackTeamCountry "CZE"]
[WhiteClock "0:01:23"]
[BlackClock "1:03:22"]

1. d4 d5 2. Nf3 Nf6 3. Bf4 c5 4. e3 Nc6 5. Nbd2 Bg4 6. c3 e6 7. Bb5 cxd4 8. exd4 Bd6 9. Bxd6 ({RR} 9. Bg3 O-O 10. O-O Bxg3 11. hxg3 Qc7 12. Re1 a6 13. Bxc6 bxc6 14. b4 a5 15. a3 h6 16. Qc1 Bxf3 17. Nxf3 Ne4 18. Ne5 Ra6 19. g4 Rfa8 20. f3 Nd6 21. Kh1 axb4 22. cxb4 Nb5 23. a4 Rxa4 {Kamsky,G (2609)-Lazavik,D (2578) chess.com INT 2024 0-1 (48)}) 9... Qxd6 10. O-O O-O 11. Re1 Rfe8 $146 ({RR} 11... Nd7 12. a4 Rfe8 13. a5 a6 14. Be2 e5 15. dxe5 Ndxe5 16. Nxe5 Bxe2 17. Rxe2 Nxe5 18. Nb3 Nc4 19. Nd4 Qd7 20. b3 Nd6 21. Qd3 Rxe2 22. Nxe2 Ne4 23. Rd1 Nf6 24. Nf4 Re8 25. g3 Qc7 26. Nxd5 {Kollars,D (2633)-Gurel,E (2514) Veli Losinj CRO 2023 ½-½ (37)}) 12. Qa4 Bxf3 13. Nxf3 a6 14. Bxc6 Qxc6 15. Qxc6 bxc6 16. Ne5 Rec8 17. Nd3 Nd7 18. b4 a5 19. a4 Rc7 20. Ra2 Kf8 21. Kf1 Ke7 22. Ke2 Rca7 23. Rea1 g5 24. h3 f6 25. Kd2 e5 26. b5 cxb5 27. axb5 Kd6 28. Nb4 a4 29. Nc6 Rb7 30. Rxa4 Rxa4 31. Rxa4 Rxb5 32. Ra6 Rb6 33. Nb4 Rxa6 34. Nxa6 h5 35. Nb4 h4 36. Ke3 Nb6 37. f3 Ke6 38. Nc2 Nc8 39. Nb4 Ne7 40. Nc2 Ng6 41. Kf2 Nf4 42. Ne3 Nd3+ 43. Ke2 Nb2 44. Kd2 exd4 45. cxd4 Nc4+ 46. Kd3 Nxe3 47. Kxe3 Kf5 48. Ke2 Kf4 49. Kf2 f5 50. Ke2 Kg3 51. Kf1 g4 52. fxg4 fxg4 53. hxg4 Kxg4 54. Kg1 Kf4 55. Kh2 Ke4 56. Kh3 Kxd4 57. Kxh4 Ke3 58. g4 d4 59. g5 d3 60. g6 d2 0-1

[Event "45th FIDE Chess Olympiad Open"]
[Site "Budapest, Hungary"]
[Date "2024.09.11"]
[Round "1.74"]
[White "Zilka, Stepan"]
[Black "Antoniou, Rafail"]
[Result "1-0"]
[WhiteElo "2574"]
[BlackElo "2007"]
[PlyCount "75"]
[EventDate "2024.??.??"]
[WhiteTeam "Czech Republic"]
[BlackTeam "Cyprus"]
[WhiteTeamCountry "CZE"]
[BlackTeamCountry "CYP"]
[WhiteClock "0:22:54"]
[BlackClock "0:19:02"]

1. e4 c5 2. Nf3 e6 3. d4 cxd4 4. Nxd4 Nf6 5. Nc3 Nc6 6. Nxc6 bxc6 7. e5 Nd5 8. Ne4 Qc7 9. f4 Qb6 10. c4 Ne3 11. Qd3 Bb4+ 12. Bd2 Ba6 13. Bxb4 Qxb4+ 14. Kf2 Qxb2+ 15. Be2 Nxc4 16. Rhd1 Qb6+ 17. Qd4 Nb2 18. Bxa6 Nxd1+ 19. Rxd1 Qxd4+ 20. Rxd4 Rb8 $146 ({RR} 20... Ke7 21. Bb7 Rab8 22. Nd6 f6 23. h4 Rhf8 24. Ke2 h6 25. Ra4 g5 26. hxg5 hxg5 27. g3 gxf4 28. gxf4 fxe5 29. fxe5 Rh8 30. Rxa7 Rh5 31. Nc4 Rh4 32. Kd3 Rg8 33. Bxc6 Rg3+ 34. Ne3 Rhh3 35. Rxd7+ {Lukovic,V (2438)-Todorovic,G (2458) Kragujevac 2016 ½-½ (40)}) 21. Be2 Ke7 22. Nc5 Rhd8 23. Ra4 Ra8 24. Ba6 Rab8 25. Bd3 Ra8 26. Ke3 h6 27. g4 f6 28. h4 fxe5 29. fxe5 Rf8 30. Rd4 Rad8 31. h5 Rf7 32. Rb4 Kf8 33. Rb7 Re7 34. Rb1 Kg8 35. Bg6 Kf8 36. Ne4 a5 37. Nd6 Ra8 38. a4 1-0

[Event "45th FIDE Chess Olympiad Open"]
[Site "Budapest, Hungary"]
[Date "2024.09.11"]
[Round "1.75"]
[White "Savva, Panikos"]
[Black "Krejci, Jan"]
[Result "0-1"]
[WhiteElo "1973"]
[BlackElo "2556"]
[PlyCount "46"]
[EventDate "2024.??.??"]
[WhiteTeam "Cyprus"]
[BlackTeam "Czech Republic"]
[WhiteTeamCountry "CYP"]
[BlackTeamCountry "CZE"]
[WhiteClock "0:27:11"]
[BlackClock "0:23:56"]

1. d4 d5 2. c4 e6 3. Nc3 Bb4 4. Qa4+ Nc6 5. a3 Bxc3+ 6. bxc3 Nf6 7. Bg5 h6 8. Bxf6 Qxf6 9. e3 O-O ({RR} 9... Bd7 10. cxd5 exd5 11. Ne2 Ne7 12. Qb3 O-O-O 13. Nf4 Bf5 14. Be2 Rd6 15. O-O Rhd8 16. c4 dxc4 17. Bxc4 Ng6 18. Nh5 Qg5 19. Ng3 Nh4 20. Rfc1 Be4 21. Bf1 Bd5 22. Qa4 Kb8 23. Rc5 f5 24. Rac1 {Tadic,S (2400)-Perunovic,M (2542) Senta SRB 2023 ½-½ (41)}) 10. Nf3 a6 11. Be2 $146 ({RR} 11. Bd3 Bd7 12. cxd5 exd5 13. O-O {½-½ (13) Merriman,J (2277)-Pert,R (2416) Southend 2018}) 11... Bd7 12. Qc2 dxc4 13. Bxc4 e5 14. O-O Rad8 15. Qe4 Rde8 16. Qh4 Qd6 17. Rfd1 e4 18. Ne5 Nxe5 19. dxe5 Qxe5 20. Rac1 Bc6 21. Bb3 Qb5 22. Bc2 Qc5 23. a4 Qxc3 0-1

[Event "45th FIDE Chess Olympiad Open"]
[Site "Budapest, Hungary"]
[Date "2024.09.11"]
[Round "1.76"]
[White "Vykouk, Jan"]
[Black "Kefalas, Loukas"]
[Result "1-0"]
[WhiteElo "2483"]
[BlackElo "1912"]
[PlyCount "83"]
[EventDate "2024.??.??"]
[WhiteTeam "Czech Republic"]
[BlackTeam "Cyprus"]
[WhiteTeamCountry "CZE"]
[BlackTeamCountry "CYP"]
[WhiteClock "0:10:58"]
[BlackClock "0:00:41"]

1. c4 e5 2. Nc3 Nf6 3. Nf3 Nc6 4. g3 d5 5. cxd5 Nxd5 6. Bg2 Nb6 7. O-O Be7 8. b3 O-O 9. Bb2 Bf5 10. d3 Qd7 11. Rc1 f6 ({RR} 11... Rad8 12. a3 Rfe8 13. b4 Bf8 14. Re1 a5 15. bxa5 Nxa5 16. Nd2 h6 17. h4 Ra8 18. Rb1 Be6 19. Qc1 Nc6 20. Rd1 Ra5 21. Nc4 Nxc4 22. dxc4 Qc8 23. Nd5 Rc5 24. a4 Na5 25. Ba3 Rxc4 26. Qe3 {Ding,L (2806)-Praggnanandhaa,R (2642) chess24.com INT 2022 0-1 (58)}) ({RR} 11... Rad8 12. Qc2 Nd4 13. Nxd4 exd4 14. Ne4 c6 15. Nd2 Nd5 16. Ne4 Nb6 17. Nd2 Nd5 18. Ne4 Nb6 19. Nd2 {½-½ (19) Vakhidov,J (2618)-Rathanvel,V (2491) Abu Dhabi UAE 2023}) 12. Re1 Nd4 $146 ({RR} 12... Rfd8 13. Nd2 Qe8 14. Nce4 Qf8 15. Rc2 Rd7 16. Qa1 Nb4 17. Rcc1 c6 18. Nc4 Be6 19. a3 N4d5 20. Rc2 a5 21. Rec1 a4 22. Nxb6 Nxb6 23. b4 Bb3 24. Nc5 Bxc5 25. Rxc5 Rc7 26. Bc3 Nd7 27. Ra5 {Regedzinski,T-Wertheim,W The Hague 1928 ½-½ (40)}) 13. Nh4 Bg4 14. Bxb7 Rad8 15. Bg2 f5 16. Nf3 Bxf3 17. exf3 Bg5 18. Rb1 Bf6 19. b4 Kh8 20. Ne2 Ne6 21. Qb3 Na4 22. Ba1 Nd4 23. Bxd4 exd4 24. Nf4 Nc3 25. Ra1 Rfe8 26. Qc4 Qd6 27. Ne6 Rb8 28. a3 g6 29. f4 Re7 30. Kf1 h6 31. h4 Kh7 32. Bc6 Rb6 33. b5 a6 34. a4 axb5 35. axb5 Nxb5 36. Bxb5 Rxe6 37. Rxe6 Qxe6 38. Qxc7+ Bg7 39. Ra7 Qf6 40. Bc4 Rd6 41. Ra8 h5 42. Rg8 1-0

[Event "45th FIDE Chess Olympiad Open"]
[Site "Budapest, Hungary"]
[Date "2024.09.11"]
[Round "1.77"]
[White "Gorshtein, Ido"]
[Black "Mesfin, Leykun"]
[Result "1-0"]
[WhiteElo "2543"]
[BlackElo "2118"]
[PlyCount "79"]
[EventDate "2024.??.??"]
[WhiteTeam "Israel"]
[BlackTeam "Ethiopia"]
[WhiteTeamCountry "ISR"]
[BlackTeamCountry "ETH"]
[WhiteClock "0:31:53"]
[BlackClock "0:01:24"]

1. d4 Nf6 2. c4 g6 3. Nc3 Bg7 4. e4 d6 5. h3 O-O 6. Be3 c5 7. d5 a6 ({RR} 7... e6 8. Nf3 exd5 9. exd5 Nfd7 10. Bd3 f5 11. O-O Ne5 12. Nxe5 Bxe5 13. f4 Bxc3 14. bxc3 Qf6 15. Qd2 Na6 16. a4 Bd7 17. a5 Nc7 18. Bf2 Rfe8 19. Kh2 Rad8 20. Rg1 Rf8 21. Rab1 Bc8 22. Bg3 {Eljanov,P (2742)-Grischuk,A (2771) Moscow 2010 0-1 (65)}) 8. a4 a5 $146 ({RR} 8... e6 9. Bd3 exd5 10. exd5 Nbd7 11. Nf3 Nh5 12. g4 Nhf6 13. Bf4 Re8+ 14. Kf1 h5 15. g5 Nh7 16. Qd2 Ne5 17. Nxe5 dxe5 18. Be3 h4 19. Ne4 Bf5 20. f3 Bf8 21. Ke2 Qd7 22. Qe1 b5 23. Qxh4 {Li,D (2441)-Srbis,J (2425) Split 2018 1-0 (45)}) ({RR} 8... Qa5 9. Bd3 Nbd7 10. Nf3 e6 11. O-O exd5 12. cxd5 Qb4 13. Qc2 Re8 14. a5 c4 15. Be2 Nc5 16. Nd2 Nfxe4 17. Ncxe4 Nxe4 18. Nxe4 Bf5 19. f3 Bxe4 20. fxe4 Qxb2 21. Qxb2 Bxb2 22. Ra2 Bh8 23. Bf3 {Garriga Cazorla,P (2461)-Wael Sabry,M (2028) chess.com INT 2024 1-0}) ({RR} 8... e6 9. Bd3 Nbd7 10. Nf3 e5 11. g4 Ne8 12. Nd2 Bf6 13. h4 Bxh4 14. Qf3 Bg5 15. Qh3 h6 16. Bxg5 Qxg5 17. Nf3 Qf6 18. g5 Qh8 19. gxh6 Ndf6 20. Qg3 Nh7 21. O-O-O Qf6 22. Rh4 Bd7 23. Nd2 {Matviishen,V (2495)-Belyakov,B (2500) Pardubice 2019 1-0 (77)}) ({RR} 8... Qa5 9. Qd2 Nbd7 10. Nf3 Nb6 11. e5 dxe5 12. Ne4 Qxd2+ 13. Nfxd2 Nxe4 14. Nxe4 f5 15. Nxc5 f4 16. Bd2 a5 17. Bc3 Bd7 18. b3 Ra7 19. Bd3 Re8 20. Ne4 Bf5 21. Kd2 Nd7 22. Rhe1 b6 23. Kc2 {Andrianiaina,H (2017)-Razanadrakotoarisoa,T (2004) Antananarivo 2019 1-0 (37)}) 9. Nf3 Na6 10. Be2 Nb4 11. Qd2 Bd7 12. O-O b6 13. Rad1 Ne8 14. Bh6 f6 15. b3 Rf7 16. Bxg7 Nxg7 17. Nh2 Qf8 18. Bg4 Qc8 19. f4 f5 20. Be2 fxe4 21. Nxe4 Nf5 22. Nf3 Qf8 23. g4 Nh6 24. Nfg5 Rg7 25. Kh2 Nf7 26. Ne6 Bxe6 27. dxe6 Nd8 28. f5 gxf5 29. gxf5 Ndc6 30. f6 exf6 31. Nxf6+ Kh8 32. Nh5 Qe7 33. Nxg7 Qxg7 34. Qxd6 Re8 35. Rg1 Qf6 36. Rdf1 Qe5+ 37. Qxe5+ Nxe5 38. e7 Ng6 39. Rxg6 hxg6 40. Rf8+ 1-0

[Event "45th FIDE Chess Olympiad Open"]
[Site "Budapest, Hungary"]
[Date "2024.09.11"]
[Round "1.78"]
[White "Birhanu, Tegegn Mehadem"]
[Black "Nabaty, Tamir"]
[Result "0-1"]
[WhiteElo "2077"]
[BlackElo "2630"]
[PlyCount "74"]
[EventDate "2024.??.??"]
[WhiteTeam "Ethiopia"]
[BlackTeam "Israel"]
[WhiteTeamCountry "ETH"]
[BlackTeamCountry "ISR"]
[WhiteClock "0:21:06"]
[BlackClock "0:53:32"]

1. d4 {Ftacnik,Lubomir} d5 2. Nf3 e6 3. c4 dxc4 4. Nc3 a6 5. e4 ({RR} 5. Bg5 Be7 6. Bxe7 Qxe7 7. Qa4+ Nd7 8. Qxc4 c5 9. Ne4 b5 10. Qc2 c4 11. b3 f5 12. Ned2 cxb3 13. Nxb3 Bb7 14. e3 {½-½ (14) Zvjaginsev,V (2654)-Rublevsky,S (2655) Poikovsky 2004}) ({RR} 5. a4 c5 6. d5 Nf6 7. e4 exd5 8. e5 Ne4 9. Nxd5 Nc6 10. Bxc4 Qa5+ 11. Bd2 Nxd2 12. Qxd2 Qd8 13. O-O Be6 14. Rad1 Be7 15. Qe3 Bxd5 16. Bxd5 Qc7 17. e6 f6 18. Qe4 Rc8 19. Nh4 O-O {Hajiyev,K (2104)-Luxama,J (1960) chess.com INT 2024 1-0 (33)}) 5... b5 6. a4 ({RR} 6. e5 Bb7 7. Be2 Ne7 8. Ng5 Nf5 9. Bh5 g6 10. Bf3 Nc6 11. Nge4 Be7 12. Be3 Ncxd4 13. Nd6+ cxd6 14. Bxb7 dxe5 15. Bxa8 Qxa8 16. O-O O-O 17. Qb1 b4 18. Ne4 Rc8) 6... b4 7. Ne2 ({RR} 7. Nb1 Bb7 8. Qc2 ({RR} 8. e5 c5 9. Bxc4 Nc6 10. Bg5 Be7 11. Bxe7 Ngxe7 12. dxc5 Qc7 13. Qd6 Qa5 14. Nbd2 Nf5 15. Qd3 Qxc5 16. Ne4 Qa5 17. Nd6+ Nxd6 18. exd6 Ne5 19. Nxe5 Qxe5+ 20. Kf1 O-O) 8... Nf6 9. e5 Bxf3 10. gxf3 Nd5 11. Bxc4 c5 12. dxc5 Nc6 13. Qe4 Bxc5 14. Be3 Bxe3 15. fxe3 Qb6 16. Ke2 O-O 17. Nd2 f5 18. exf6 Nxf6 19. a5 Qc7 20. Bxe6+ Kh8 21. Qc4 Qd6) 7... Nc6 $146 ({RR} 7... c5 8. d5 ({RR} 8. Ng3 cxd4 9. Bxc4 Nc6) 8... exd5 9. Nf4 Ne7 ({RR} 9... dxe4 10. Qxd8+ Kxd8 11. Ng5 Nh6 12. Bxc4 f5 13. Be3) ({RR} 9... d4 10. Bxc4 Ra7 11. O-O) 10. exd5 Ng6 11. Bxc4 Bd6 12. Nxg6 ({RR} 12. Qe2+ Kf8) 12... hxg6 13. O-O Nd7 14. Qe2+ ({RR} 14. Re1+ Kf8 15. h3 Nf6 16. Bg5 Ra7) 14... Kf8 15. h3 Rh5 16. a5 ({RR} 16. Be3 Nb6 17. Rfd1 Bb7) 16... Nf6 ({RR} 16... Qf6 17. Be3 Ne5 18. Nxe5 Qxe5 19. f4) 17. Bg5 ({RR} 17. Re1 Ra7 ({RR} 17... Bxh3 18. gxh3 Qd7 19. Ng5) 18. Bg5 Re7 19. Qd2) 17... Bxh3 18. Bh4 ({RR} 18. gxh3 Qd7 19. h4 Qg4+ 20. Kh1 Qh3+ 21. Kg1 Ng4 22. Rad1 Bh2+ 23. Kh1 Bf4+ 24. Kg1 Bxg5) 18... Qd7 19. Bg3 ({RR} 19. gxh3 Qxh3 20. Rfe1 Rxh4) 19... Bxg2 20. Bxd6+ Kg8 {0-1 (20) Sosonko,G (2515)-Van der Sterren,P (2535) Amsterdam 1996 CBM 054 [Ftacnik,Lubomir]} ({RR} 20... Qxd6 21. Kxg2 Qd7 22. Ng1 Rg5+) {RR} 21. Bh2 Qh3 22. Qe5 Bxf3 23. Qg3 Rg5 24. Qxg5 Ng4) ({RR} 7... Bb7 8. Ng3 c5 9. Bxc4 cxd4 10. Nxd4 Nf6 11. e5 Qc7 12. Qe2 Nfd7 13. f4 Bc5 14. Be3 Nc6 15. Rd1 Nxd4 16. Bxd4 O-O 17. O-O Nb6 18. Bb3 Bxd4+ 19. Rxd4 Rfd8 20. Rxd8+ Rxd8 21. f5 Bd5) ({RR} 7... c5 8. d5 exd5 9. Nf4 Bb7 10. Nxd5 Ne7 11. Bg5 f6 12. Bxf6 Bxd5 13. Bxe7 Bxe7 14. exd5 Bf6 15. Bxc4 O-O 16. O-O Nd7 17. Re1 Nb6 18. Qc2 Nxc4 19. Qxc4 Bxb2 20. Rad1 Qf6 21. d6+ Kh8 22. Qxc5 {Halkias,S (2584)-Vorobiov,E (2577) Vrsac 2008 0-1 (91)}) ({RR} 7... Nf6 8. Ng3 Bb7 9. e5 Nfd7 10. Bxc4 c5 11. O-O Be7 12. Nh5 O-O 13. d5 Nb6 14. d6 Nxc4 15. dxe7 Qxe7 16. Bg5 Bxf3 17. Qc1 Qb7 18. Nf6+ Kh8 19. Qxc4 Nd7 20. Nxd7 Bd5 21. Nxc5 Bxc4 22. Nxb7 {Nakamura,H (2640)-Shipov,S (2591) Playchess.com INT 2006 1-0}) 8. a5 b3 9. Nc3 Nb4 10. Bxc4 Nc2+ 11. Ke2 Nxa1 12. Bf4 Nc2 13. Bxb3 Nb4 14. Ne5 Bd6 15. Ba4+ Kf8 16. Qd2 Ne7 17. Rd1 Ng6 18. Nxg6+ hxg6 19. e5 Be7 20. Bg3 Bb7 21. Kf1 c5 22. Qf4 g5 23. Qg4 Qxa5 24. dxc5 Qxc5 25. Rd7 Bd5 26. h3 Qc4+ 27. Qxc4 Bxc4+ 28. Kg1 Nd5 29. Bc6 Rc8 30. Bxd5 exd5 31. Nxd5 Bxd5 32. Rxd5 Rh6 33. Rd3 Rb6 34. b3 Rcb8 35. Rd7 Rxb3 36. e6 Rd8 37. Bd6 Rb1+ 0-1

[Event "45th FIDE Chess Olympiad Open"]
[Site "Budapest, Hungary"]
[Date "2024.09.11"]
[Round "1.79"]
[White "Smirin, Ilia"]
[Black "Tsige, Addisalem Temesgen"]
[Result "1-0"]
[WhiteElo "2575"]
[BlackElo "2068"]
[PlyCount "69"]
[EventDate "2024.??.??"]
[WhiteTeam "Israel"]
[BlackTeam "Ethiopia"]
[WhiteTeamCountry "ISR"]
[BlackTeamCountry "ETH"]
[WhiteClock "0:44:42"]
[BlackClock "0:40:02"]

1. e4 c5 2. Nf3 g6 3. Bc4 Bg7 4. c3 e6 5. d4 cxd4 6. Nxd4 a6 7. O-O Ne7 8. Bg5 O-O 9. Bb3 h6 10. Bh4 b5 $146 ({RR} 10... e5 11. Nc2 b5 12. Ne3 Bb7 13. Qd3 g5 14. Bg3 Qb6 15. Na3 Rd8 16. Rad1 d6 17. h4 Nbc6 18. hxg5 hxg5 19. Qe2 Na5 20. Nd5 Bxd5 21. Bxd5 Nxd5 22. Rxd5 Nb7 23. Nc2 Nc5 24. Rfd1 Kf8 25. R5d2 {Piscopo,P (2366)-Hocevar,N (2044) Gallipoli 2012 1-0 (62)}) ({RR} 10... g5 11. Bg3 d5 12. exd5 Nxd5 13. Qf3 Nf4 14. Bxf4 gxf4 15. Rd1 Qf6 16. Qe4 e5 17. Nf3 Nc6 18. Bc2 Re8 19. Nbd2 Bg4 20. Qh7+ Kf8 21. Ne4 Qe6 22. Nh4 Bxd1 23. Bxd1 Ne7 24. Bb3 Qg4 25. Nf6 {Yaniv,Y (2193)-Indriunas,M (2026) Bratislava 2019 1-0 (32)}) ({RR} 10... g5 11. Bg3 Ng6 12. Nd2 Nc6 13. Nc4 d5 14. exd5 Nxd4 15. cxd4 exd5 16. Ne3 Be6 17. Rc1 f5 18. Bc7 Qd7 19. Bb6 Rac8 20. Bc5 Rfe8 21. Re1 f4 22. Nc2 Bf5 23. Nb4 g4 24. Nxd5 Kh7 25. Nb6 {Plat,V (2470)-Kislinsky,A (2504) Brno 2013 1-0 (40)}) 11. a4 Bb7 12. Re1 g5 13. Bg3 b4 14. cxb4 d5 15. Nc3 Qb6 16. Nc2 dxe4 17. Nxe4 Rd8 18. Qh5 Nd7 19. Nd6 Rf8 20. Nxf7 Rxf7 21. Rxe6 Nf6 22. Qxf7+ Kxf7 23. Rxb6+ Bd5 24. Bxd5+ Nfxd5 25. Rb7 Kg6 26. Ne3 Bxb2 27. Nxd5 Nxd5 28. Rd1 Rc8 29. h3 Nc3 30. Rd6+ Kh5 31. Rh7 Ne2+ 32. Kh2 g4 33. Rhxh6+ Kg5 34. Rhg6+ Kf5 35. hxg4+ 1-0

[Event "45th FIDE Chess Olympiad Open"]
[Site "Budapest, Hungary"]
[Date "2024.09.11"]
[Round "1.80"]
[White "Kebede, Yoseph Kifle"]
[Black "Postny, Evgeny"]
[Result "0-1"]
[WhiteElo "2037"]
[BlackElo "2577"]
[PlyCount "38"]
[EventDate "2024.??.??"]
[WhiteTeam "Ethiopia"]
[BlackTeam "Israel"]
[WhiteTeamCountry "ETH"]
[BlackTeamCountry "ISR"]
[WhiteClock "0:49:57"]
[BlackClock "0:53:18"]

1. e4 e5 2. Nc3 Nc6 3. Bc4 Nf6 4. d3 Bb4 5. Nge2 d5 6. exd5 Nxd5 7. Bxd5 Qxd5 8. O-O Qd7 ({RR} 8... Qd8 9. f4 exf4 10. Bxf4 O-O 11. Qe1 Ne7 12. Qh4 c6 13. Bg5 Qb6+ 14. Kh1 Nf5 15. Qe4 Bxc3 16. bxc3 Qa5 17. Rab1 Qxa2 18. c4 Qa5 19. Bf4 Qd8 20. Qf3 Re8 21. Nc3 Qe7 22. Ne4 f6 23. Qf2 {Shabalov,A (2600)-Stefansson,H (2560) Tilburg 1994 1-0 (41)}) 9. f4 b6 ({RR} 9... O-O 10. f5 Nd4 11. f6 Qg4 12. Nxd4 Qxd4+ 13. Kh1 Bxc3 14. bxc3 Qxc3 15. Qh5 e4 16. Qg5 Qxa1 17. Qxg7# {1-0 (17) Haug,H (2218)-Krzywda,A (2207) chess.com INT 2023}) ({RR} 9... exf4 10. Nxf4 O-O 11. Ncd5 Bc5+ 12. Kh1 Ne7 13. Qh5 f5 14. Nxe7+ Qxe7 15. Bd2 Bd7 16. Bc3 Qf7 17. Qh4 Be7 18. Qh3 Bf6 19. Bb4 Rfe8 20. Ba3 g6 21. Rae1 Rxe1 22. Rxe1 Re8 23. Qg3 Bc6 24. c3 {Daulyte Cornette,D (2387)-Postny,E (2605) Europe Echecs INT 2021 0-1 (48)}) 10. Be3 $146 ({RR} 10. f5 Bb7 11. Ne4 f6 12. N2g3 O-O-O 13. Be3 Rhg8 14. Rf2 Be7 15. a3 Rdf8 16. Qd2 Bd8 17. Raf1 Ne7 18. c4 Nc6 19. Qc3 Nd4 20. b4 g6 21. Bxd4 exd4 22. Qd2 Kb8 23. b5 c5 24. a4 Qe7 {Day,L (2278)-Werle,J (2531) London/Crowthorne 2006 0-1 (39)}) ({RR} 10. Qe1 O-O 11. Qg3 Bd6 12. f5 f6 13. Ne4 Bb7 14. Qh4 Nb4 15. N2g3 Kh8 16. Rf2 Qc6 17. Be3 Nd5 18. Bc1 Bc5 19. Nxc5 Qxc5 20. Ne4 Qd4 21. Qg3 Ne7 22. Qe3 Qxe3 23. Bxe3 Bxe4 24. dxe4 Rad8 {Krivec,J (2270)-Yildiz Kadioglu,B (2350) Heraklion 2017 ½-½ (45)}) 10... Bb7 11. a3 Be7 12. Qd2 O-O-O 13. Rae1 f5 14. fxe5 Nxe5 15. Bg5 Qc6 16. Nc1 Nc4 17. Qe2 Bxg5 18. dxc4 Rd2 19. Nb5 Qxg2+ 0-1

[Event "45th FIDE Chess Olympiad Open"]
[Site "Budapest, Hungary"]
[Date "2024.09.11"]
[Round "1.81"]
[White "Ferster, Fabian"]
[Black "Nguyen, Ngoc Truong Son"]
[Result "0-1"]
[WhiteElo "2184"]
[BlackElo "2633"]
[PlyCount "66"]
[EventDate "2024.??.??"]
[WhiteTeam "Liechtenstein"]
[BlackTeam "Vietnam"]
[WhiteTeamCountry "LIE"]
[BlackTeamCountry "VIE"]
[WhiteClock "0:09:59"]
[BlackClock "0:54:06"]

1. c4 e6 2. g3 d5 3. Bg2 Nf6 4. Nf3 d4 5. d3 Nc6 6. O-O Bc5 7. a3 ({RR} 7. Bg5 h6 8. Bxf6 Qxf6 9. Nbd2 Qd8 10. Ne1 e5 11. Nc2 a5 12. b3 Nb4 13. Ne1 O-O 14. a3 Nc6 15. Nc2 Qe7 16. Ne4 Ba7 17. Rb1 f5 18. Nd2 e4 19. b4 Kh8 20. c5 Be6 21. dxe4 fxe4 {Aronian,L (2775)-Duda,J (2740) Miami 2022 1-0 (73)}) ({RR} 7. Nbd2 a5 8. Nb3 Be7 9. a4 O-O 10. e3 dxe3 11. Bxe3 Ng4 12. Bc5 Bxc5 13. Nxc5 e5 14. Re1 Qd6 15. Ne4 Qh6 16. h3 Nf6 17. d4 exd4 18. Nxd4 Rd8 19. Nxf6+ Qxf6 20. Qe2 Bg4 21. Qxg4 Nxd4 {Hryzlova,S (2251)-Daulyte-Cornette,D (2381) Rhodes GRE 2024 0-1 (48)}) 7... a5 8. e3 $146 ({RR} 8. Qc2 h6 9. Nbd2 O-O 10. b3 e5 11. Bb2 Re8 12. h3 Bf5 13. Rfe1 Qd7 14. Kh2 Bh7 15. Rad1 e4 16. Nxe4 Nxe4 17. dxe4 Bxe4 18. Qd2 Rad8 19. Qf4 Bc2 20. Rc1 Bxb3 21. Nd2 Ba4 22. Bd5 Ne5 {Troyke,D (2001)-Salimova,N (2415) Germany GER 2022 0-1 (38)}) 8... O-O 9. exd4 Nxd4 10. Nc3 Nxf3+ 11. Qxf3 e5 12. Bg5 h6 13. Bxf6 Qxf6 14. Qxf6 gxf6 15. Nd5 c6 16. Nxf6+ Kg7 17. Ne4 Bd4 18. Rab1 Rd8 19. Rfe1 Bf5 20. Bf3 Bb6 21. Rbd1 Rd4 22. Kf1 Rad8 23. Ke2 Be6 24. c5 Bc7 25. g4 a4 26. Rg1 Bb3 27. Rc1 Rxd3 28. Nd6 Bxd6 29. Kxd3 Bxc5+ 30. Ke2 Bd4 31. Rcd1 Rd6 32. Rd2 Rf6 33. Rg2 Bc4+ 0-1

[Event "45th FIDE Chess Olympiad Open"]
[Site "Budapest, Hungary"]
[Date "2024.09.11"]
[Round "1.82"]
[White "Le, Tuan Minh"]
[Black "Heron, Andrew"]
[Result "1-0"]
[WhiteElo "2564"]
[BlackElo "2026"]
[PlyCount "57"]
[EventDate "2024.??.??"]
[WhiteTeam "Vietnam"]
[BlackTeam "Liechtenstein"]
[WhiteTeamCountry "VIE"]
[BlackTeamCountry "LIE"]
[WhiteClock "1:03:41"]
[BlackClock "0:14:00"]

1. d4 Nf6 2. c4 g6 3. Nc3 d5 4. cxd5 Nxd5 5. e4 Nxc3 6. bxc3 Bg7 7. Nf3 c5 8. Bb5+ Nc6 9. O-O O-O 10. Bxc6 bxc6 11. Qc2 Bg4 12. Ne5 Bxe5 13. dxe5 Qc7 14. Bh6 Rfd8 15. f4 Be6 $146 ({RR} 15... c4 16. f5 Qxe5 17. h3 Bh5 18. g4 Rd3 19. Bf4 Qxe4 20. gxh5 Rg3+ 21. Bxg3 Qxc2 22. hxg6 hxg6 23. fxg6 fxg6 24. Be5 Rf8 25. Rxf8+ Kxf8 26. Rf1+ Ke8 27. Rf2 Qd3 28. Bd4 Qxh3 29. Rg2 Qf5 30. Rf2 {Shuvalov,E (2079)-Mattenberger,M (2221) chess.com INT 2024 0-1 (46)}) ({RR} 15... c4 16. Rab1 Rd3 17. Qf2 Rad8 18. Qh4 Be2 19. Rfe1 Rd1 20. Rexd1 Rxd1+ 21. Rxd1 Bxd1 22. h3 Bc2 23. Bg5 Qb6+ 24. Kh2 Bxe4 25. Bxe7 Qb2 26. Qg3 Qe2 27. Bc5 Qxa2 28. e6 f6 29. f5 h5 30. Qxg6+ {Ohler,J (2188)-Tellarini,L (2002) Biel SUI 2024 1-0 (32)}) 16. Rf3 Bc4 17. h3 Rd7 18. Qf2 Rad8 19. Kh2 Rd2 20. Qxc5 Rxa2 21. Rxa2 Bxa2 22. c4 Bb1 23. Ra3 Ra8 24. e6 fxe6 25. Rb3 Bc2 26. Rb2 Ba4 27. Qa3 Bd1 28. Rd2 Bh5 29. Qc3 1-0

[Event "45th FIDE Chess Olympiad Open"]
[Site "Budapest, Hungary"]
[Date "2024.09.11"]
[Round "1.83"]
[White "Frick, Renato"]
[Black "Tran, Tuan Minh"]
[Result "0-1"]
[WhiteElo "1925"]
[BlackElo "2434"]
[PlyCount "36"]
[EventDate "2024.??.??"]
[WhiteTeam "Liechtenstein"]
[BlackTeam "Vietnam"]
[WhiteTeamCountry "LIE"]
[BlackTeamCountry "VIE"]
[WhiteClock "0:45:38"]
[BlackClock "1:16:45"]

1. e4 c5 2. Nf3 Nc6 3. d4 cxd4 4. Nxd4 Nf6 5. Nc3 d6 6. Be2 Bd7 7. Be3 Nxd4 ({RR} 7... g6 8. Nb3 Bg7 9. f4 a5 10. a4 O-O 11. O-O Nb4 12. Bf3 Qc8 13. Kh1 Bg4 14. Qe2 Bxf3 15. Rxf3 Nd7 16. Bg1 b6 17. Rd1 Qb7 18. Nd5 Nc5 19. Nxc5 bxc5 20. Rb3 e6 21. Nxb4 axb4 22. Rxd6 {Oleksienko,M (2588)-Miroshnichenko,E (2593) Eforie Nord 2008 ½-½ (37)}) 8. Qxd4 ({RR} 8. Bxd4 Bc6 9. Bd3 Qa5 10. O-O e5 11. Be3 Be7 12. Qe2 a6 13. a3 b5 14. f4 exf4 15. Bxf4 Qb6+ 16. Be3 Qb7 17. Rad1 Nxe4 18. Bxe4 Bxe4 19. Bg5 f5 20. Bxe7 Qxe7 21. Nxe4 Qxe4 22. Qh5+ g6 {Mulishov,R (1613)-Veliev,G (2157) St Petersburg RUS 2022 ½-½ (65)}) 8... e5 9. Qd3 Be7 10. O-O $146 ({RR} 10. f3 Bc6 11. O-O-O a6 12. g4 b5 13. g5 Nd7 14. Nd5 Bxd5 15. Qxd5 Rc8 16. f4 Qc7 17. Rd2 Nb6 18. Bxb6 Qxb6 19. h4 exf4 20. Rf1 Qc5 21. Rxf4 Qxd5 22. Rxd5 h6 23. a4 hxg5 24. hxg5 Rh2 {Cerrato Torrijos,M (2012)-Suarez Uriel,A (2137) Madrid 2010 0-1 (38)}) 10... h6 11. Rfd1 Bc6 12. Bf3 O-O 13. a4 a6 14. a5 Rc8 15. Na4 d5 16. exd5 e4 17. Bxe4 Bb5 18. Qd4 Rc4 0-1